000 00734cam a2200229 a 4500
001 000004870
005 20200929151525.0
008 780328s1953 sp 001 0 spa
040 _aDO-SdBNP
_bspa
_cBNPHU
041 1 7 _aspa
_hfre
082 _a843.5
_bL433h, 1953
100 1 _aLe Sage, Alain Rene,
_d1668-1747
_913347
245 1 0 _aHistoria de Gil Blas de Santillana /
_cAlain Rene Le Sage ; traductor, P. José F. de la Isla.
250 _a3a ed.
260 _aBarcelona :
_bIberia,
_c1953.
300 _a709 p. ;
_c19 cm.
490 1 _aObras maestras
650 4 _aNovela francesa
_91075
650 4 _aLiteratura francesa
_91074
700 1 _aIsla, José Francisco de,
_d1703-1781,
_etr.
_914104
830 0 _aObras maestras
_914105
999 _c4676
_d4676